| 000 | 00802nam a2200241 a 4500 | ||
|---|---|---|---|
| 001 | 10956 | ||
| 003 | BD-RjUL | ||
| 005 | 20211208235038.0 | ||
| 008 | 140125s1963 enk 000 0 eng | ||
| 035 |
_aoxf98415381 _a(BD-RjUL)11005 |
||
| 040 |
_aAPL _cAPL _dm.c _dBD-RjUL _beng |
||
| 041 | _aeng | ||
| 082 | 0 | 4 |
_a548 _bBUE 1963 _223 |
| 100 | 1 |
_aBuerger, Martin J. _q(Martin Julian), _d1903-1986. _933863 |
|
| 245 | 1 | 0 |
_aElementary crystallography : _ban introduction to the fundamental geometrical features of crystals / _cMartin J. Buerger |
| 250 | _arevised printing | ||
| 260 |
_aNew York ; _aLondon : _bWiley, _c1956 [Printing 1965] |
||
| 300 |
_axxiii, 528 p. : _bill. ; _c23 cm. |
||
| 500 | _aFirst published: 1956 | ||
| 504 | _aIncludes index | ||
| 650 | 0 |
_aCrystallography _933864 |
|
| 942 |
_2ddc _cBK |
||
| 999 |
_c10956 _d10956 |
||